<?xml version="1.0" encoding="UTF-8"?>
<collection xmlns="http://www.loc.gov/MARC21/slim">
  <record>
    <leader>00000nam  2200000   4500</leader>
    <controlfield tag="001">INLIS000000000002713</controlfield>
    <controlfield tag="005">20180724150317</controlfield>
    <controlfield tag="008">180724|||||||||   |   |||   |||| ||   | </controlfield>
    <datafield tag="035" ind1=" " ind2=" ">
      <subfield code="0">010-0718002713</subfield>
    </datafield>
    <datafield tag="041" ind1=" " ind2=" ">
      <subfield code="a">id</subfield>
    </datafield>
    <datafield tag="082" ind1=" " ind2=" ">
      <subfield code="a">R. 066</subfield>
    </datafield>
    <datafield tag="090" ind1=" " ind2=" ">
      <subfield code="a">R. 066 PIM I Angkatan XXXVII 2017</subfield>
    </datafield>
    <datafield tag="100" ind1=" " ind2=" ">
      <subfield code="a">Umar, Efrizon</subfield>
    </datafield>
    <datafield tag="245" ind1=" " ind2=" ">
      <subfield code="a">Sinergitas Kegiatan Antar Lembaga Terkait Penelitian, Pengembangan Dan Pendayagunaan Sains Dan Teknologi Nuklir Di Bidang Kesehatan</subfield>
    </datafield>
    <datafield tag="260" ind1=" " ind2=" ">
      <subfield code="a">Jakarta</subfield>
      <subfield code="b">LAN Jakarta</subfield>
      <subfield code="c">2017</subfield>
    </datafield>
    <datafield tag="300" ind1=" " ind2=" ">
      <subfield code="a">vi; 51 hlm.; Lamp.; 30 cm</subfield>
    </datafield>
    <datafield tag="500" ind1=" " ind2=" ">
      <subfield code="a">Proyek Perubahan inovasi terkait hubungan antar lembaga dalam usaha menciptakan sinergitas antar lembaga dalam kegiatan penelitian, pengembangan maupun pendayagunaan sains dan teknologi nuklir di bidang kesehatan. Melalui koordinasi dan memanfaatkan tim efektif yang sudah terbentuk, berbagai Memorandum of Understanding dan perjanjian kerja sama sudah mulai ditanda tangani dengan tujuan untuk segera memanfaatkan produk hasil litbang BATAN dan diharapkan dalam beberapa waktu ke depan, produk enograf sudah dapat ditempatkan di banyak rumah sakit di daerah. Sementara itu, radiosotop dan radiofarmaka akan mulai dirintis untuk dapat mengisi pasar ekspor.</subfield>
    </datafield>
    <datafield tag="650" ind1=" " ind2=" ">
      <subfield code="a">Teknologi Nuklir</subfield>
    </datafield>
  </record>
</collection>
